Pénzügyi tudatosság Magyarországon a gazdasági ismeretek nélküli kereső lakosság pénzügyi döntései
| Main Author: | |
|---|---|
| Other Authors: | |
| Format: | Students’ Scientific Association paper |
| Kulcsszavak: | aktív keresők attitűd (tartós beállítódás; értékelő viszonyulás) erőforrás-gazdálkodás gazdasági ismeretek jövedelem-felosztás lakossági megtakarítások megtakarítások pénzgazdálkodás pénzügyi biztonság pénzügyi döntések szokások tudatos figyelem |
| Online Access: | http://dolgozattar.uni-bge.hu/60509 |
MARC
| LEADER | 00000nta a2200000 i 4500 | ||
|---|---|---|---|
| 001 | dolg60509 | ||
| 005 | 20260416073827.0 | ||
| 008 | 260416suuuu hu o 000 hun d | ||
| 040 | |a BGE Dolgozattár Repozitórium |b hun | ||
| 041 | |a hu | ||
| 100 | 1 | |a Pásztor Csenge | |
| 245 | 1 | 0 | |a Pénzügyi tudatosság Magyarországon |b a gazdasági ismeretek nélküli kereső lakosság pénzügyi döntései |c Pásztor Csenge |h [elektronikus dokumentum] |
| 516 | |a Students_Scientific_Association_paper | ||
| 520 | 3 | |a PÁSZTOR CSENGE Konzulens: 3. aktív félév Dr. Hegedűs Szilárd, Balázsné dr. Lendvai Marietta Gazdálkodás és menedzsment alapszak egyetemi docens, főiskolai docens BGE PSZK - MK BGE PSZK - MK PÉNZÜGYI TUDATOSSÁG MAGYARORSZÁGON: A GAZDASÁGI ISMERETEK NÉLKÜLI KERESŐ LAKOSSÁG PÉNZÜGYI DÖNTÉSEI A kutatás célja, hogy feltárja a magyar lakosság pénzügyi tudatosságának szintjét, különös tekintettel azokra a kereső felnőttekre, akik nem rendelkeznek formális pénzügyi-gazdasági ismeretekkel. A vizsgálat központi kérdése, hogy a pénzügyi oktatás hiánya milyen mértékben befolyásolja az egyének döntéshozatali mintázatait, megtakarítási és hitelfelvételi szokásait, valamint hosszú távú anyagi biztonságát. A dolgozat az alábbi kutatási kérdésekre keresi a választ: – Hogyan viszonyul a magyar lakosság azon része, akik saját bevétellel rendelkeznek, a megtakarításokhoz, befektetésekhez és hitelfelvételekhez? – Hogyan befolyásolják a pénzügyi ismeretek a mindennapi pénzügyi döntéseket Magyarországon? – Milyen szinten áll a magyar lakosság azon része, akik saját bevétellel rendelkeznek, pénzügyi tudatossága? A dolgozat vegyes kutatási módszeren alapul. A releváns szakirodalom elemzését empirikus, kérdőíves vizsgálattal egészítettem ki. Az online felmérést több mint 300 válaszadó töltötte ki, akik közül külön csoportot képeztek azok, akik sem közép-, sem felsőfokon nem tanultak pénzügyi tárgyakat. A kérdőív a pénzügyi ismeretek, attitűdök és viselkedéses minták vizsgálatára irányult, demográfiai és jövedelmi háttéradatokkal kiegészítve. Az eredmények azt igazolják, hogy a pénzügyi tudatosság szintje szoros kapcsolatban áll az oktatási háttérrel és a jövedelmi helyzettel. A gazdasági ismeretekkel nem rendelkező válaszadók körében gyakoribb az impulzív pénzügyi döntéshozatal, az alacsony megtakarítási hajlandóság és a pénzügyi intézményekkel szembeni bizalmatlanság. Ezzel szemben a pénzügyi ismeretekkel rendelkező csoport tudatosabb pénzügyi tervezést, célorientált megtakarítást és kockázatkezelést mutat. A dolgozat eredményei rávilágítanak arra, hogy a pénzügyi oktatás kiterjesztése, különösen középiskolai szinten, kulcsfontosságú a lakosság pénzügyi stabilitásának és hosszú távú anyagi biztonságának növeléséhez. | |
| 695 | |a aktív keresők | ||
| 695 | |a attitűd (tartós beállítódás; értékelő viszonyulás) | ||
| 695 | |a erőforrás-gazdálkodás | ||
| 695 | |a gazdasági ismeretek | ||
| 695 | |a jövedelem-felosztás | ||
| 695 | |a lakossági megtakarítások | ||
| 695 | |a megtakarítások | ||
| 695 | |a pénzgazdálkodás | ||
| 695 | |a pénzügyi biztonság | ||
| 695 | |a pénzügyi döntések | ||
| 695 | |a szokások | ||
| 695 | |a tudatos figyelem | ||
| 700 | 1 | |a Balázsné Dr. Lendvai Marietta |e ths | |
| 700 | 1 | |a Hegedűs Dr. Szilárd |e ths | |
| 856 | 4 | 0 | |u http://dolgozattar.uni-bge.hu/60509/1/P%C3%A1sztor_Csenge_YXAJGE_TDK-Dolgozat.pdf |z Dokumentum-elérés |
| 856 | 4 | 0 | |u http://dolgozattar.uni-bge.hu/60509/2/P%C3%A1sztor_Csenge-YXAJGE_TDK-rezume.pdf |z Dokumentum-elérés |
| 856 | 4 | 0 | |u http://dolgozattar.uni-bge.hu/60509/3/P%C3%A1sztor_Csenge_b%C3%ADr%C3%A1lat_Orsz%C3%A1g_A.pdf |z Dokumentum-elérés |
| 856 | 4 | 0 | |u http://dolgozattar.uni-bge.hu/60509/4/B%C3%ADr%C3%A1lat%20P%C3%A1sztor%20Csenge_TZs.pdf |z Dokumentum-elérés |